MDQL
is popping MORE tags! Check the
thread
!
Quizzes
Events
Quiz Creation
Community
Videos
Private Events
Remove Ads
Sign In
Join for FREE
Feedback
Dark Mode
Quiz Categories
Sports
Geography
Music
Movies
Television
Just For Fun
Miscellaneous
History
Literature
Language
Science
Gaming
Entertainment
Religion
Holiday
For Kids
Quiz Lab
Recent
Popular Today
Quiz Kudos Today
Editor Picks
Curator Picks
Quizzes by...
Day
Popularity
Type
Ratings
Length
Year
Community
Subscriptions
Recent Discussions
Orange Saloon
Badges
Playlists
Quests
Create
Leaderboards
Showdown
Live 5
Trivia Bingo
Activity
Puzzle Library
Sporcle Events
Private Events
Virtual Trivia
Globe League
Become a Host
Pub Owners
SporcleCon
Opinionation
Our Games
Videos
Blog
Mobile Apps
Partnerships
Remove Ads and Go Orange
Feedback
Sports
Athletes
MLB
NBA
NHL
NFL
Soccer
Sports Teams
WWE
NCAA
Football
Premier League
Basketball
Baseball
Hockey
Golf
Tennis
Cricket
Rugby
Auto Racing
Olympics
World Cup
Sports
Athletes
MLB
NBA
NHL
NFL
Soccer
Sports Teams
WWE
NCAA
Football
Premier League
Basketball
Baseball
Hockey
Golf
Tennis
Cricket
Rugby
Auto Racing
Olympics
World Cup
Random Quiz
Search Sporcle
×
Quiz Lab
Quiz Lab
Sports
NHL
Type in answers that appear in a list
Type in answers that appear in a list
Classic
Best Score? Go Orange.
Top 10 NHL playoff scoring leaders 00's Stats
Can you name the Top 10 NHL playoff scoring leaders in 00's?
By
Juger
10m
100 Questions
1,214 Plays
1,214 Plays
1,214 Plays
Comments
Comments
Give Quiz Kudos
Give Quiz Kudos
-
- Ratings
hide this ad
Replay
Link that replays current quiz
Next Quiz
Link to next quiz in quiz playlist
You Got
0%
They Got
Avg Score
73%
Avg Friend Score
Upgrade to see
Score Distribution
Jump to the score distribution portion of the page
Score
0/100
Timer
10:00
0
Plays Today
season
% Correct
2001
Joe Sakic
97.6%
2002
Joe Sakic
97.6%
2008
Sidney Crosby
96.5%
2009
Sidney Crosby
96.5%
2010
Sidney Crosby
96.5%
2000
Mike Modano
96%
2003
Mike Modano
96%
2004
Martin St. Louis
95.7%
2008
Henrik Zetterberg
95.5%
2008
Evgeni Malkin
95.5%
2009
Evgeni Malkin
95.5%
2009
Henrik Zetterberg
95.5%
2000
Peter Forsberg
95%
2002
Peter Forsberg
95%
2000
Patrik Elias
94.6%
2001
Patrik Elias
94.6%
2004
Jarome Iginla
94.6%
2010
Patrick Kane
94.5%
2007
Pavel Datsyuk
94.3%
2008
Pavel Datsyuk
94.3%
2010
Jonathan Toews
94.3%
2006
Eric Staal
94.2%
2009
Eric Staal
94.2%
2007
Daniel Alfredsson
93.8%
2004
Brad Richards
93.7%
2010
Mike Richards
93.6%
2004
Vincent Lecavalier
93.2%
2002
Nicklas Lidstrom
91.4%
2007
Nicklas Lidstrom
91.4%
2009
Nicklas Lidstrom
91.4%
2007
Ryan Getzlaf
90%
2009
Ryan Getzlaf
90%
2007
Dany Heatley
89.9%
2007
Jason Spezza
89.4%
season
% Correct
2006
Danny Briere
87.3%
2007
Danny Briere
87.3%
2008
Danny Briere
87.3%
2010
Danny Briere
87.3%
2002
Steve Yzerman
87.1%
2009
Alex Ovechkin
87.1%
2003
Marian Hossa
87%
2008
Marian Hossa
87%
2000
Brett Hull
85.7%
2002
Brett Hull
85.7%
2003
Scott Niedermayer
85.4%
2007
Corey Perry
85.1%
2001
Milan Hejduk
84.2%
2001
Mario Lemieux
83.3%
2000
Jaromir Jagr
83.2%
2006
Rod Brind Amour
82.8%
2006
Chris Pronger
82.5%
2007
Chris Pronger
82.5%
2007
Teemu Selanne
81.8%
2008
Johan Franzen
79.9%
2009
Johan Franzen
79.9%
2010
Johan Franzen
79.9%
2010
Patrick Sharp
79.4%
2003
Marian Gaborik
77.3%
2010
Claude Giroux
74.5%
2003
Markus Naslund
74.2%
2002
Brendan Shanahan
73.8%
2001
Alex Tanguay
73.1%
2001
Rob Blake
72%
2000
Chris Drury
71.4%
2001
Chris Drury
71.4%
2006
Chris Drury
71.4%
2000
Mark Recchi
70.4%
2002
Sergei Fedorov
70.4%
season
% Correct
2000
Jason Arnott
68.6%
2002
Ron Francis
67.1%
2003
Jamie Langenbrunner
63.9%
2001
Brian Rafalski
63.3%
2000
Petr Sykora
60.4%
2001
Petr Sykora
60.4%
2010
Michael Cammalleri
57.7%
2006
Shawn Horcoff
56.4%
2003
Sergei Zubov
55.7%
2004
Craig Conroy
53.1%
2006
Cory Stillman
53%
2004
Ruslan Fedotenko
47.8%
2006
Fernando Pisani
47.8%
2008
Mike Ribeiro
47%
2002
Gary Roberts
45.4%
2003
Andrew Brunette
43.1%
2010
Ville Leino
42.7%
2001
Bobby Holik
40.8%
2006
Justin Williams
40.6%
2004
Keith Primeau
38.9%
2004
Fredrik Modin
38.2%
2003
John Madden
36.1%
2009
Dan Cleary
34.8%
2000
Adam Deadmarsh
33.3%
2009
Valtteri Filppula
31.4%
2004
Martin Gelinas
30.1%
2004
Vincent Damphousse
28.2%
2008
Ryan Malone
24.9%
2003
Jeff Friesen
24.8%
2006
Matt Cullen
18.8%
2008
R.J. Umberger
18.2%
2002
Alyn McCauley
16.6%
Quiz Playlist
Details
Report
Send in Message
Add To Playlist
Classic:
Type in answers that appear in a list
Quiz Source
Last Updated: Feb 16, 2017
Quiz Scoreboard
CHALLENGE
Sign Up to Join the Scoreboard
Show All
Scores
Hide
Comments
May contain spoilers
Recently Published
Find the 'City' Movie
by crazypaving
Movies
60s
5x2 Blitz: Bands
by SL_Kpop136
Music
30s
Colored Red Africa Blitz
by spor1
Geography
30s
More to Explore
Quiz From the Vault
Featured Blog Post
14 Easter Pick-up Lines to Find Eggs With
hide this ad
You Might Also Like...
Tags
NHL Quiz
Playoff
Playoff Leaders
Playoff Points
Today's Top Quizzes in Sports
Browse Sports
hide this ad
Today's Top Quizzes in NHL
Browse NHL
Top Contributed Quizzes in Sports
1
Players with Multiple 50 Home Run Seasons
2
Criteria MLB: Left Handed Sluggers
3
MLB Players with Two .350 Batting Average Seasons
4
Who Hit More Homers?
5
Premier League Clubs since 2000 (minefield)
6
Who Needs Fielders?
7
2020 F1 Drivers Logic Puzzle
8
Les entraîneurs de l'OM et du PSG au 21e siècle
9
Top 10 NHL Goal Scorers of All Time
10
MLB Hall of Famer by Rings
Explore More
Trending Topics
Kpop
Harry Potter
NBA
Disney
Marvel
Crossword
Anime
Soccer
Country
WWE
The Office
Pokémon
Song
Puzzle
NFL
hide this ad
More By:
Juger
Quiz
Plays
Rating
Category
Featured
Created
NHL top 10 european goal scorers 1990-2010
5,546
4.58
Sports
Sep 7, 2010
Top 10 scoring leaders NHL original six
5,276
4.70
Sports
Oct 1, 2010
top 100 NHL scoring season by europeans
4,412
4.49
Sports
Sep 3, 2010
NHL 1st and 2nd All Star Teams in 80's
2,686
4.55
Sports
Oct 20, 2010
NHL top 100 playoff scoring seasons
1,675
4.42
Sports
Sep 13, 2010
Go to Creator's Profile
Score Distribution
Quiz Creator Spotlight
Juger
Follow
Send a Message
Quizzes Created
-
Created Quiz Play Count
-
More By This Creator
Popular Quizzes Today
1
Colored Red Africa Blitz
2
Find the 'City' Movie
3
5x2 Blitz: Bands
4
Find the US States - No Outlines Minefield
5
The Countries of the World
6
Find the US States
7
US States
8
9x9 Crossword: Cartoon Network
More Sports Quizzes
Find the Boxing Hall of Fame Inductees
Published
Trending Quizzes
Colored Red Europe Blitz I
Colored Red Africa Blitz II
Colored Red Africa Blitz III
Colored Red Europe Blitz III
Colored Red Europe Blitz II
Recently Updated
Champions League XIs: Real Madrid
pecheneg
Largest US Cities 1790-2010
pecheneg
Rides in Walt Disney World
pecheneg
Most Oscar Losses (Acting)
pecheneg
Beyoncé Albums
pecheneg
Leaping Animals
pecheneg
Reality TV Shows (A-Z)
bhenderson79
Rickey Henderson's Hall of Fame Teammates
pecheneg
Champions League XIs: Arsenal
pecheneg
Quick Pick: Celebrities in WWE's Hall of Fame
aduchscher
Trending Topics
Crossword
Harry Potter
Anime
NBA
Kpop
Disney
Marvel
Song
Soccer
Pokémon
Puzzle
WWE
NFL
Country
The Office
Your Account Isn't Verified!
In order to create a playlist on Sporcle, you need to verify the email address you used during registration. Go to your
Sporcle Settings
to finish the process.
Report this User
Report this user for behavior that violates our
Community Guidelines
.
Details:
Send Report
Go to the Sporcle.com Mobile Site →
Comments